[Event "Mataro Maresme op-A 13th"]
[Site "Mataro"]
[Date "2016.11.05"]
[Round "5"]
[White "Rosa Pernia, Mario"]
[Black "Maza Navarro, Llorens"]
[Result "1-0"]
[WhiteElo "1951"]
[BlackElo "1551"]
[PlyCount "83"]
[EventDate "2016.10.08"]
[EventType "swiss"]
[EventRounds "9"]
[EventCountry "ESP"]
[SourceTitle "EXT 2018"]
[Source "ChessBase"]
[SourceDate "2017.10.13"]
[SourceVersion "1"]
[SourceVersionDate "2017.10.13"]
[SourceQuality "1"]

1. e4 d5 2. exd5 Qxd5 3. Nc3 Qa5 4. Bc4 c6 5. d4 e6 6. Bd2 Qc7 7. Qe2 Nf6 8. Nf3 Be7 9. 0-0 0-0 10. Rfe1 Re8 11. Ne5 Nbd7 12. Nxf7 Nb6 13. Bxe6 Bxe6 14. Qxe6 Bf8 15. Nh6+ Kh8 16. Qf5 Bd6 17. h3 Rf8 18. Ng4 Nxg4 19. Qxg4 Bh2+ 20. Kf1 Bg3 21. Re2 Nc4 22. f3 Nxd2+ 23. Rxd2 Rf4 24. Qxg3 Raf8 25. Qf2 R4f5 26. Re1 Qh2 27. Ne4 Qh1+ 28. Ke2 Qh2 29. Qg3 Qxg3 30. Nxg3 Rg5 31. Kf2 h5 32. Re5 Rg6 33. Rxh5+ Kg8 34. Re2 Rd6 35. c3 g6 36. Rhe5 c5 37. Rxc5 Ra6 38. Rc7 Rxa2 39. Rxb7 a5 40. Ree7 Rf6 41. Ne4 Rc6 42. Rb8+ 1-0

[Event "Mataro Maresme op-A 13th"]
[Site "Mataro"]
[Date "2016.10.22"]
[Round "3"]
[White "Moriche Vivas, Carlos"]
[Black "Rosa Pernia, Mario"]
[Result "1/2-1/2"]
[WhiteElo "1419"]
[BlackElo "1951"]
[PlyCount "86"]
[EventDate "2016.10.08"]
[EventType "swiss"]
[EventRounds "9"]
[EventCountry "ESP"]
[SourceTitle "EXT 2018"]
[Source "ChessBase"]
[SourceDate "2017.10.13"]
[SourceVersion "1"]
[SourceVersionDate "2017.10.13"]
[SourceQuality "1"]

1. e4 d6 2. d4 Nf6 3. Nc3 g6 4. g3 Bg7 5. Bg2 c6 6. f4 e5 7. dxe5 dxe5 8. Qxd8+ Kxd8 9. Nf3 Nbd7 10. fxe5 Ng4 11. 0-0 Ngxe5 12. Nxe5 Nxe5 13. Bg5+ Ke8 14. Rad1 Be6 15. Rd2 h6 16. Bf6 Bxf6 17. Rxf6 Nc4 18. Rd4 Ne3 19. Rf2 Nxg2 20. Kxg2 Rd8 21. Rfd2 Rxd4 22. Rxd4 Ke7 23. Na4 Rd8 24. Rxd8 Kxd8 25. Nc5 Bxa2 26. Nxb7+ Kc7 27. Nc5 Kd6 28. b4 Bb1 29. c3 f5 30. Kf3 fxe4+ 31. Nxe4+ Kd5 32. c4+ Ke5 33. Nd2 Bf5 34. Ke3 Be6 35. Nf3+ Kd6 36. Kd4 Bf7 37. g4 h5 38. g5 Be6 39. c5+ Ke7 40. Ke5 Bd5 41. Nd4 Bg2 42. h4 a6 43. Ne6 Bd5 1/2-1/2